| 000 | 00878nam a2200217Ia 4500 | ||
|---|---|---|---|
| 003 | IN-BaIIA | ||
| 008 | 211028s9999 xx 000 0 eng d | ||
| 020 | _a0-88202-033-1 | ||
| 040 | _cIIA Library | ||
| 080 |
_a524.5 _bTHE |
||
| 111 |
_aSymposium Honoring Fred Lawrence Whipple on His Retirement _cNew York _d1973 Oct. 17-19 _99037 |
||
| 245 | 4 |
_aThe dusty universe _bproceedings of a symposium honoring Fred Lawrence Whipple on his retirement as director of the Smithsonian astrophysical observatory _cedited by George B. Field and A. G. W. Cameron |
|
| 260 |
_aNew York _bSmithsonian Astrophysical Observatory _c1975 |
||
| 300 | _ax, 323p. | ||
| 650 |
_a Cosmic dust _99038 |
||
| 650 |
_a Dusty universe _99039 |
||
| 650 |
_a Interseller matter _99040 |
||
| 650 |
_aAstronomy and astrophysics thesaurus _91143 |
||
| 700 |
_aField, George B., ed. _99041 |
||
| 942 | _cBK | ||
| 999 |
_c5078 _d5078 |
||